000 00964nam a22003137a 4500
001 BR7503237
003 BR-BrBNA
005 20230928084807.0
007 ta
008 230509b bl.||||| |||| 00| 0 por d
040 _aBR-BrBNA
_bpor
_cBiblioteca Nacional de Agricultura
041 _a(Por)
072 _aQ20; E70
_b5240
_b9703
090 _ 5240 BR7503237
110 1 _aDepartamento Nacional de Inspecao de Produtos de Origem Animal, Brasilia, DF (Brasil). Div. de Inspecao de Carnes e Derivados
245 1 _aNormas higienico-sanitarias e tecnologicas para a producao e exportacao de carnes. t. 4 - ovinos
260 3 _aBrasilia, DF (Brasil):
_c1975.
300 _a21 p.
650 _aOVINO
650 _aCARNE
650 _aEXPORTACAO
650 _aHIGIENE DE ALIMENTO
650 _aINSPECAO SANITARIA
650 _aINSTALACAO AGRICOLA
650 _aDESINFECCAO
650 _aABATE
909 _a202309
_bLucia
_c55
_dLucia Elande
942 _cBK
999 _c21137
_d21137